All About Money (Record no. 2305)

MARC details
000 -LEADER
fixed length control field 00399nam a2200157Ia 4500
008 - FIXED-LENGTH DATA ELEMENTS--GENERAL INFORMATION
fixed length control field 230312s9999||||xx |||||||||||||| ||und||
020 ## - INTERNATIONAL STANDARD BOOK NUMBER
International Standard Book Number 1-55748-458-9
082 ## - DEWEY DECIMAL CLASSIFICATION NUMBER
Classification number 332-1
Item number FOO-A
100 ## - MAIN ENTRY--PERSONAL NAME
Personal name George & Marjean Fooshee
245 #0 - TITLE STATEMENT
Title All About Money
260 ## - PUBLICATION, DISTRIBUTION, ETC.
Name of publisher, distributor, etc. Barbour & Company, INC.
Place of publication, distribution, etc. USA
Date of publication, distribution, etc. 1973
300 ## - PHYSICAL DESCRIPTION
Extent 183
546 ## - LANGUAGE NOTE
Language note Eng.
650 ## - SUBJECT ADDED ENTRY--TOPICAL TERM
Topical term or geographic name entry element Economics
Form subdivision Escaping the Debt Trap
942 ## - ADDED ENTRY ELEMENTS (KOHA)
Koha item type BOOK

No items available.

Powered by Koha